Vlastné náklady a ceny v priemysle /
Uložené v:
| Hlavní autori: | , |
|---|---|
| Médium: | Kniha |
| Jazyk: | Slovak |
| Vydané: |
Bratislava :
Edičné stredisko Vysokej školy ekonomickej,
1969.
|
| Vydanie: | 1. vyd. |
| Edícia: | Vysokoškolské skriptá
|
| ISBN: |
(brož.) |
| Fyzický popis: |
180 s. : tb. |
| Tagy: |
Pridať tag
Žiadne tagy, Buďte prvý kto otaguje tento záznam!
|
Titul je dostupný aj v ... 

MARC
| LEADER | 00000nam a22000001 4500 | ||
|---|---|---|---|
| 001 | 000171879 | ||
| 005 | 20101127152128.0 | ||
| 008 | 021110s1969 xo e slo d | ||
| 020 | |a (brož.) | ||
| 040 | |a SVKKK |b slo |c SVKKK |e AACR2 | ||
| 041 | 0 | |a slo | |
| 044 | |a xo |c SK | ||
| 100 | 1 | |a Kupkovič, Milan, |d 1935- |4 aut | |
| 245 | 1 | 0 | |a Vlastné náklady a ceny v priemysle / |c Milan Kupkovič, Milan Rajňák. |
| 250 | |a 1. vyd. | ||
| 260 | |a Bratislava : |b Edičné stredisko Vysokej školy ekonomickej, |c 1969. | ||
| 300 | |a 180 s. : |b tb. | ||
| 490 | 1 | |a Vysokoškolské skriptá | |
| 500 | |a Vyd. Vysoká škola ekonomická v Bratislave. Fakulta odvetvových ekonomík | ||
| 700 | 1 | |a Rajňák, Milan, |d 1938- |4 aut | |
| 910 | |a svkkk | ||
| 998 | |a BK | ||
| 090 | |g SCKHL |k Sklad Pribinova 3. posch. |a V.71306 |j 415935 |i 171879-10 |s Absenčne | ||
| 090 | |g SCKHL |k Sklad Pribinova 3. posch. |a V.71371 |j 431585 |i 171879-20 |s Absenčne | ||
| 090 | |g SCKHL |k Sklad Pribinova 3. posch. |a V.71372 |j 431586 |i 171879-30 |s Absenčne | ||